| 000 | 00944nam a22002417a 4500 | ||
|---|---|---|---|
| 010 | _aB-210448 | ||
| 020 | _c175.00 | ||
| 035 | _aB-210448 | ||
| 037 | _aCen Lib/Ret | ||
| 040 |
_aDPL _bPA |
||
| 082 |
_aਓ _bਨਰਿੰਦ |
||
| 100 |
_aਨਰਿੰਦਰਪਾਲ ਸਿੰਘ ਕੋਮਲ _960574 |
||
| 245 |
_aਰੁੱਬ ਦੇ ਸ਼ਰੀਕ : _cਨਰਿੰਦਰਪਾਲ ਸਿੰਘ ਕੋਮਲ _bਨਾਵਲ |
||
| 246 |
_a Rabb de shareek / _bby Narinderpal Singh Komal |
||
| 260 |
_aਚੰਡੀਗੜ੍ਹ _bਲੋਕਗੀਤ ਪਰ੍ਕਾਸ਼ਨ _c2006 |
||
| 270 |
_aS.C.O. 26-27 Sector 34 A _bਚੰਡੀਗੜ੍ਹ _e160022 |
||
| 300 |
_a168p ; _b24cm(Hb) |
||
| 650 |
_aਸਾਹਿਤ --ਪੰਜਾਬੀ _9127201 |
||
| 650 |
_aਪੰਜਾਬੀ -- ਨਾਵਲ _9127202 |
||
| 650 |
_aliterature--Punjabi _9127203 |
||
| 650 |
_aPunjabi-- noval _9115816 |
||
| 942 |
_2ddc _cPN _hਓ _mਨਰਿੰਦ |
||
| 999 |
_c110441 _d110441 |
||